Statistics for Most Densely Populated Countries A-Z

Click here to take the quiz!

General Stats

  • This quiz has been taken 54 times
  • The average score is 18 of 25

Answer Stats

% Correct
IIndia
94%
MMonaco
91%
YYemen
91%
OOman
89%
QQatar
89%
Vatican CityVatican City
89%
ZZimbabwe
89%
JJapan
87%
SSingapore
81%
UUnited Kingdom
79%
FFrance
77%
HHaiti
77%
RRwanda
74%
DDominican Republic
66%
XN/A
66%
BBahrain
64%
KKuwait
64%
NNauru
64%
AAntigua and Barbuda
57%
EEl Salvador
51%
GGrenada
51%
PPhilippines
51%
TTaiwan
51%
CComoros
43%
LLebanon
40%

Score Distribution

Percentile by Number Answered

Percent of People with Each Score

Your Score History

You have not taken this quiz